| 000 | 00732 am a2200277 a 4500 | ||
|---|---|---|---|
| 001 | 152902 | ||
| 003 | OSt | ||
| 005 | 20220325162201.0 | ||
| 008 | 0330 ### | ||
| 020 | _a9780415607537 | ||
| 082 |
_a571.96 _bL98B |
||
| 100 | 1 | _aLydyard, Peter | |
| 245 | 1 |
_aBIOS instant notes in Immunology _cby Peter Lydyard, Alex Whelan, Michael Fanger |
|
| 250 | _a3rd ed. | ||
| 260 |
_aNew York _bGarland Science _c2011 |
||
| 300 | _a358p. | ||
| 630 | _aSchool of life sciences | ||
| 653 | _aImmunology | ||
| 653 | _aImmunity | ||
| 653 | _aMilitary art and science | ||
| 653 | _aNatural history | ||
| 653 | _aImmune system | ||
| 700 | _aWhelan, Alex | ||
| 700 | _aFanger, Michael | ||
| 942 |
_2ddc _cBK |
||
| 999 |
_c15651 _d15651 |
||